An Introduction to the Theory of Multipliers

Saved in:
Bibliographic Details
Main Author: Larsen, Ronald
Format: Book
Language:English
Published: Berlin : Springer-Verlag, 1971
Series:Grundlehren der mathematischen wissenschaften ; ; 175
Subjects:
Tags: Add Tag
No Tags, Be the first to tag this record!

MARC

LEADER 00000nam a2200000 i 4500
001 1/30480
008 960708s1971 eng d
020 |a 3-540-05120-1 
035 |a 1995  |l 10038580 
040 |a GR-MY-UA  |b gre  |e aacr 
041 0 |a eng 
082 0 |a 515.2433 
100 1 |a Larsen, Ronald. 
245 1 3 |a An Introduction to the Theory of Multipliers /  |c Ronald Larsen 
260 |a Berlin :   |b Springer-Verlag,   |c 1971 
300 |a 282 p.;  |c 24 cm. 
490 1 |a Grundlehren der mathematischen Wissenschaften  |v ; 175 
500 |a Includes bibliographical references and index 
650 0 0 |a Multipliers (Mathematical analysis) 
830 0 |a Grundlehren der mathematischen wissenschaften ;  |v ; 175 
852 |a INST  |b SAMOS  |e 19960708  |h 515.2433 LAR  |p 005300005171  |q 005300005171  |t BK  |y 0 
909 |a Σ  |b 039373